000
00355nam a22001337a 4500
003
SGT
020
_a
9788170589327
082
_a
301.2
_b
A10D
100
_a
दलाल, ए. एस
245
_a
आंतरिक रूप से जीना
260
_b
श्री अरविन्द आश्रम
_c
2010
300
_a
211
942
_2
ddc
_c
BK
999
_c
29541
_d
29541